Rafaelita. Libro primero de lectura para uso de las alumnas del segundo año elemental.

Saved in:
Bibliographic Details
Main Author: Rosales, María M.
Format: Book
Language:Spanish
Published: México Herrero Hermanos, Sucesores 1918
Textbook Catalogue:MANES:  Library Catalog Search Result
Textbook Classification:
Subjects:
Tags: Add Tag
No Tags, Be the first to tag this record!
Added to:2018-10-06
Changed in:2019-04-29

MARC

LEADER 00000nam a2200000 4500
005 20190429105159.0
008 181007b xxu||||| |||| 00| 0 spa d
040 |a centro-manes   |c universidad_colima 
100 |9 22557  |a Rosales, María M. 
245 |a Rafaelita. Libro primero de lectura para uso de las alumnas del segundo año elemental.  
260 |a México   |b Herrero Hermanos, Sucesores   |c 1918 
300 |a 225 p.   |c 18 cm. 
500 |a Aparece: Francisco Ziga, "Bibliografía Pedagógica. Libros de texto para enseñanza primaria:1850-1970 V. Libros de Lectura" en Boletín del Instituto de Investigaciones Bibliográficas 1981-1982, Biblioteca Nacional, Hemeroteca Nacional, Universidad Nacional Autónoma de México, Nos. 18 - 19,p. 210.   |a Nueva edición Ils. 
655 0 |9 4  |a Primaria 
650 0 |9 20  |a Escritura y Lectura 
942 |2 ddc  |c BK 
999 |c 52321  |d 52321 
999 |c manes:52321  |d 52321